Normal view
MARC view
Entry Personal Name
001 - CONTROL NUMBER
- control field: 16786
003 - CONTROL NUMBER IDENTIFIER
- control field: ARRUPE
005 - DATE AND TIME OF LATEST TRANSACTION
- control field: 20150330163938.0
008 - FIXED-LENGTH DATA ELEMENTS
- fixed length control field: 150330|| aca||aabn | a|a d
040 ## - CATALOGING SOURCE
- Original cataloging agency: ARRUPE
- Transcribing agency: ARRUPE
100 ## - HEADING--PERSONAL NAME
- Personal name: Hill, Robert C.
670 ## - SOURCE DATA FOUND
- Source citation: Work cat.: (ARRUPE): Theodoret of Cyrus 16775, Commentary on the psalms psalms 1-72, 2000